Welcome to the Holygrace Academy Library

Please use search bar below to get started

THE REMOTE CONTROL (Record no. 3904)

MARC details
000 -LEADER
fixed length control field 00251nam a22001217a 4500
082 ## - DEWEY DECIMAL CLASSIFICATION NUMBER
Classification number 821
Item number CHA/R
100 ## - MAIN ENTRY--AUTHOR NAME
Personal name CHANDRAMATHY,C
245 ## - TITLE STATEMENT
Title THE REMOTE CONTROL
260 ## - PUBLICATION, DISTRIBUTION, ETC. (IMPRINT)
Place of publication RANCHI
Name of publisher WRITERS FORUM
300 ## - PHYSICAL DESCRIPTION
Number of Pages 47
650 ## - SUBJECT ADDED ENTRY--TOPICAL TERM
Topical Term POEMS
Geographic subdivision INDIA
942 ## - ADDED ENTRY ELEMENTS (KOHA)
Koha item type Books
Holdings
Withdrawn status Lost status Collection code Home library Current library Shelving location Date acquired Source of acquisition Full call number Accession Number Koha item type
    Non-fiction Main Library Main Library SHELF-16D -ENGLISH GRAMMAR ,POEMS 01/12/2004 PURCHASE 821 CHA/R 00789 Books